=LDR 00000nam 2200000 4500 =001 INLIS000000000034696 =005 20130612140607 =008 ***********************************ind** =035 ##$$0010-061300000034696 =041 ##$$a ind =082 ##$$a 813 =090 ##$$a 813, Mon d =100 ##$$a Montgomery, L =245 ##$$a The story girl, Lucy M. Montgomery;Penerjemah,Abihita dhayaningrum;Penyunting,Wendratama =260 ##$$a 2010 $b Yogyakarta =300 ##$$a 360 hlm, 20 cm =650 ##$$a Fiksi Dewasa Indonesia =700 ##$$a Dhyaningrum, Ambhita =850 ##$$a NBPNMAT